000 00671nam a2200229Ia 4500
003 GCL
008 140319s9999 xx 000 0 ara d
040 _aGCL /
_cGCL
082 0 4 _aق
_b069.0962
_bم م
100 1 _aهيئة الاثار المصرية
245 1 0 _aمتحف الفن الاسلامى /
_cهيئة الاثار المصرية
300 _a130 ص
490 _a
650 0 4 _aمصر
650 0 4 _aالاثار الاسلامية
650 0 4 _aمتحف الفن الاسلامى
650 0 4 _aالصناعات اليدوية
650 0 4 _aالمتاحف
650 0 4 _aالقاهرة
650 0 4 _aالفن الاسلامى
942 _2ddc
_cBK
999 _c58648
_d58648